aespa - Bored! (NINGNING Solo) Lyrics - Statistics

General Stats
  • This quiz has been taken 59 times
  • The average score is 249 of 378
Answer Stats
Lyrics % Correct
I
100%
a
97%
bored
97%
I'm
97%
the
94%
you
92%
you?
92%
You
92%
love
89%
Love
89%
so
89%
So
89%
be
86%
in
86%
day
83%
it
83%
my
83%
your
83%
to
81%
boy
78%
Don't
78%
don't
78%
hardcore
75%
head
75%
me
75%
pretty
75%
put
75%
rush
75%
go
72%
'til
72%
up
72%
yeah
72%
Yeah
72%
behind
69%
ear
69%
flowers
69%
get
69%
right
69%
try
69%
good
67%
always
64%
But
64%
Eyes
64%
eyes
64%
fight
64%
for
64%
Picking
64%
picking
64%
with
64%
come
61%
can't
56%
catch
53%
deny
53%
end
53%
Falling
53%
falling
53%
I'll
53%
like
53%
Taking
53%
Venus
53%
'em
50%
Feel
50%
feel
50%
new
50%
of
50%
on
50%
should
50%
Episodic
47%
into
47%
tend
47%
Better
44%
better
44%
daydreamin'
44%
loving
44%
not
44%
something
44%
we
44%
hellos
42%
messing
42%
one
42%
Paradise
42%
caffeine
39%
goodbyes
39%
keep
39%
Keep
39%
then
39%
before
36%
Look
36%
road
36%
at
33%
kickin'
33%
lines
33%
never
33%
recycled
33%
said
33%
Turning
33%
way
33%
Am
31%
as
31%
body
31%
have
31%
man
31%
uh
31%
Uh
31%
use
31%
advertised
28%
got
28%
Hat
28%
it's
28%
met
28%
signs
28%
somebody
28%
just
25%
away
22%
could
22%
tell
22%
their
22%
was
22%
feeling
19%
where
19%
babe
17%
felt
17%
maybe
17%
finds
14%
out
14%
still
14%
wanna
14%
We're
14%
goes
11%
visioning
11%
No matching quizzes found
Score Distribution
Percent of People with Each Score
Percentile by Number Answered
Your Score History
You have not taken this quiz